00692 a2200205 450000500170000001000130001702000260003003500130005603700090006908200060007810000250008424500620010926000370017127000230020830000220023170000260025394200250027999900190030495201630032320240528114422.0 aB-759208 a9789354714153c350.00 aB-759208 bGift aS aOdgers, Sally966985 aPearl The Happy Unicorn/cSally Odgers and Adele K Thomas aNew YorkbScholastic Pressc2023 aNew YorkbNew York a128 p.c19 cm(Pb) 966848aThomas K Adele adplcCH2ddchSmODG c203304d203304 001040708FICaAVbAVd2024-05-28eGift/28.5.24g350.00l3m2oS ODGpB-759208q2025-10-17r2025-10-03 00:00:00s2025-10-03t1v350.00w2024-05-28yCHzGift